[Event "Challenge"]
[Site "http://www.queenalice.com/game.php?id=1833542"]
[Date "2024.3.15"]
[Round "-"]
[White "adsymil"]
[Black "steve_sharp"]
[Result "1-0"]
[WhiteElo "2284"]
[BlackElo "1779"]

1. d4 c6 2. Nf3 Nf6 3. c4 d6 4. Nc3 Bf5 5. e3 Nbd7 6. Be2 Nb6 7. b3 Qc7 8. Nh4
Bd7 9. O-O e6 10. a4 Be7 11. a5 Nc8 12. Nf3 O-O 13. e4 Bd8 14. Bf4 Ne8 15. b4
Ne7 16. Rc1 Ng6 17. Bg3 Qb8 18. Re1 Bc7 19. Bd3 f6 20. Qb3 Kh8 21. e5 f5 22. h3
Qd8 23. Bc2 f4 24. Bh2 Nh4 25. Ne2 dxe5 26. dxe5 Nxf3+ 27. Qxf3 Bxe5 28. Qh5 Rf5
29. Bxf5 Nf6 30. Qh4 exf5 31. Nxf4 Bxf4 32. Bxf4 Qf8 33. Be5 Ne4 34. c5 Re8 35.
Qf4 Be6 36. Rcd1 Qf7 37. f3 Nf6 38. Rd4 Bd5 39. Qxf5 Be6 40. Qg5 Bd5 41. Red1
Qe6 42. Re1 Qd7 43. Qh4 Qf5 44. Rf4 Qg6 45. Bc3 Rf8 46. Qf2 Kg8 47. Re7 Rb8 48.
Qb2 Qg5 49. Bxf6 1-0

[Event "Challenge"]
[Site "http://www.queenalice.com/game.php?id=1833543"]
[Date "2024.3.15"]
[Round "-"]
[White "steve_sharp"]
[Black "adsymil"]
[Result "0-1"]
[WhiteElo "1762"]
[BlackElo "2283"]

1. e4 c5 2. Bc4 Nc6 3. Nc3 Ne5 4. Be2 e6 5. f4 Nc6 6. Nf3 Nd4 7. Nxd4 cxd4 8.
Nb1 Bb4 9. O-O Nf6 10. d3 b6 11. c3 Bc5 12. Kh1 Bb7 13. Nd2 Rb8 14. Nf3 dxc3 15.
bxc3 O-O 16. Bb2 Qc7 17. Ne5 d5 18. d4 Bd6 19. exd5 Nxd5 20. Qd2 Nxf4 21. Rxf4
f6 22. Ng6 hxg6 23. Rh4 Qe7 24. Qd3 f5 25. Qh3 Kf7 26. Bc4 Qg5 27. Rf1 Rh8 28.
Qg4 Qxh4 0-1

[Event "Challenge"]
[Site "http://www.queenalice.com/game.php?id=1837068"]
[Date "2024.5.19"]
[Round "-"]
[White "adsymil"]
[Black "steve_sharp"]
[Result "1-0"]
[WhiteElo "2285"]
[BlackElo "1797"]

1. d4 d5 2. Nf3 Nf6 3. e3 Bf5 4. c4 dxc4 5. Bxc4 e6 6. Nc3 c6 7. O-O Nbd7 8. Re1
Be7 9. e4 Bg4 10. Re3 Qc7 11. Qc2 O-O-O 12. Bf1 Nb6 13. Ne5 Bd6 14. Nb5 Qb8 15.
Nxd6+ Qxd6 16. Nxf7 Qxd4 17. Nxh8 Rxh8 18. Bd2 Kb8 19. Bc3 Qd8 20. Be5+ Ka8 21.
Ra3 Qe7 22. f3 Bh5 23. Qc3 Rd8 24. Rxa7+ 1-0

[Event "Challenge"]
[Site "http://www.queenalice.com/game.php?id=1837069"]
[Date "2024.5.19"]
[Round "-"]
[White "steve_sharp"]
[Black "adsymil"]
[Result "0-1"]
[WhiteElo "1807"]
[BlackElo "2299"]

1. e4 c5 2. Bc4 Nc6 3. a3 Nf6 4. d3 Ne5 5. Ba2 e6 6. Nf3 Bd6 7. O-O b6 8. Bf4
Qc7 9. Nc3 Bb7 10. Nb5 Nxf3+ 11. Qxf3 Qc6 12. Nxd6+ Ke7 13. Nxb7 Qxb7 14. Qg3
Rag8 15. Bg5 h6 16. Bd2 g5 17. Bc3 Nh5 18. Qe3 Rh7 19. g3 Nf4 20. Kh1 Nh3 21. f3
h5 22. Kg2 Nf4+ 23. Kh1 Nh3 24. f4 g4 25. f5 Qc6 26. fxe6 fxe6 27. Rf6 Ng5 28.
Raf1 h4 29. Rg1 Nf3 30. Rxf3 gxf3 31. Qxf3 Rf7 32. Qh5 hxg3 33. Qh4+ Kd6 34.
Rxg3 Rf1+ 35. Kg2 Rgf8 36. Qh5 R1f2+ 37. Kg1 Kc7 38. Bb3 Kb7 39. Rg6 Qc8 40. Rg7
Rf1+ 41. Kg2 R8f2+ 42. Kh3 Rf3+ 43. Rg3 Rxg3+ 44. Kxg3 Qf8 45. Be5 d6 46. Bc3
Rg1+ 47. Kh3 Qf1+ 48. Kh4 Qf2+ 0-1

[Event "Challenge"]
[Site "http://www.queenalice.com/game.php?id=1839901"]
[Date "2024.7.8"]
[Round "-"]
[White "adsymil"]
[Black "steve_sharp"]
[Result "1-0"]
[WhiteElo "2300"]
[BlackElo "1825"]

1. e4 d5 2. exd5 Qxd5 3. Nc3 Qa5 4. Nf3 c6 5. d4 Nf6 6. Bc4 Bg4 7. h3 Bh5 8. Bd2
Qc7 9. O-O e6 10. Re1 Nbd7 11. Qe2 O-O-O 12. Bd3 Nb6 13. a4 Bxf3 14. Qxf3 Bd6
15. a5 Nbd5 16. a6 Kb8 17. axb7 Kxb7 18. Ba6+ Ka8 19. Nxd5 cxd5 20. Ba5 Qxc2 21.
Rec1 Qxb2 22. Rab1 Qxd4 23. Bb7+ Kb8 24. Bxd5+ 1-0

[Event "Challenge"]
[Site "http://www.queenalice.com/game.php?id=1839902"]
[Date "2024.7.8"]
[Round "-"]
[White "steve_sharp"]
[Black "adsymil"]
[Result "0-1"]
[WhiteElo "1823"]
[BlackElo "2301"]

1. e4 c5 2. Bc4 Nc6 3. a3 Nf6 4. d3 e6 5. Nf3 d5 6. exd5 exd5 7. Ba2 Be7 8. O-O
O-O 9. Kh1 b6 10. Bf4 h6 11. Qc1 Nh5 12. Bxh6 Bg4 13. Be3 d4 14. Bd2 Bxf3 15.
gxf3 Ne5 16. Qd1 Qd7 17. f4 Qc6+ 18. f3 Ng4 19. Kg1 Ne3 20. Bxe3 dxe3 21. Qe2
Nxf4 22. Qxe3 Qg6+ 23. Kf2 Bh4# 0-1

[Event "Challenge"]
[Site "http://www.queenalice.com/game.php?id=1841180"]
[Date "2024.7.31"]
[Round "-"]
[White "adsymil"]
[Black "steve_sharp"]
[Result "1-0"]
[WhiteElo "2315"]
[BlackElo "1831"]

1. d4 d5 2. Nf3 Nf6 3. e3 Bf5 4. c4 dxc4 5. Bxc4 e6 6. Nc3 c6 7. Nh4 Bg4 8. Nf3
Nbd7 9. h3 Bf5 10. Nh4 Be4 11. Nxe4 Nxe4 12. Nf3 Nb6 13. Bd3 Ng5 14. Ne5 f6 15.
Qh5+ Ke7 16. Ng6+ hxg6 17. Qxh8 f5 18. Qh4 Kd7 19. Qg3 Qf6 20. Bd2 Be7 21. O-O-O
Rh8 22. f3 Bd6 23. Qf2 Kc7 24. Ba5 Re8 25. Qc2 Kb8 26. Kb1 Nd5 27. Qd2 Qf8 28.
h4 Nh7 29. Rhf1 Nhf6 30. e4 Bf4 31. Qe2 Ne3 32. Bd2 fxe4 33. fxe4 Nxd1 34. Bxf4+
Ka8 35. Qxd1 Qb4 36. Be5 Qe7 37. Bc2 Rd8 38. g4 Nd7 39. Bg3 a5 40. a3 Nb6 41.
Qd2 Nc8 42. Qxa5+ Na7 43. Bc7 b6 44. Bxb6 Rb8 45. Bc5 Qb7 46. Bb3 Re8 47. Bxe6
1-0

[Event "Challenge"]
[Site "http://www.queenalice.com/game.php?id=1841181"]
[Date "2024.7.31"]
[Round "-"]
[White "steve_sharp"]
[Black "adsymil"]
[Result "0-1"]
[WhiteElo "1833"]
[BlackElo "2314"]

1. e4 e5 2. f4 exf4 3. Nf3 d6 4. d4 Nf6 5. Nc3 c6 6. Bxf4 Be7 7. Bd3 O-O 8. O-O
Bg4 9. Qd2 Re8 10. Rae1 Nbd7 11. Nd1 Nf8 12. Nf2 Be6 13. e5 dxe5 14. Bxe5 Bd5
15. Bxf6 Bxf6 16. c3 Bxa2 17. Ne4 Be7 18. c4 a5 19. Qc3 Bb4 20. Qc2 Bxe1 21.
Nxe1 Qxd4+ 22. Kh1 a4 23. Nf3 Qd8 24. Nfg5 Bb3 25. Qc3 f6 26. Nf3 Ne6 27. Nh4
Ra5 28. Nf5 Rf8 29. Nd2 Kh8 30. Be2 Re5 31. Bg4 Nc5 32. Nf3 Re4 33. Bh3 Bxc4 34.
Re1 Rxe1+ 35. Qxe1 Re8 36. Qc3 Qd1+ 37. Ng1 Re1 38. Qd4 Qxd4 39. Nxd4 Nd3 0-1

[Event "Challenge"]
[Site "http://www.queenalice.com/game.php?id=1844119"]
[Date "2024.9.23"]
[Round "-"]
[White "adsymil"]
[Black "steve_sharp"]
[Result "1-0"]
[WhiteElo "2317"]
[BlackElo "1833"]

1. e4 d5 2. exd5 Qxd5 3. Nc3 Qa5 4. Nf3 c6 5. d4 Nf6 6. Bf4 Bf5 7. Ne5 e6 8. a3
Be7 9. Nc4 Qd8 10. Ne3 Bg6 11. Be2 Nbd7 12. O-O Nb6 13. Bf3 Nbd5 14. Ncxd5 Nxd5
15. Nxd5 exd5 16. Re1 O-O 17. Qd2 Bd6 18. c3 Qc7 19. Bxd6 Qxd6 20. Re2 Rae8 21.
Rae1 Rxe2 22. Rxe2 Qd7 23. Qe1 f6 24. Re7 Qc8 25. h3 Re8 26. Bg4 f5 27. Rxe8+
Bxe8 28. Bxf5 Bd7 29. Bc2 Qf8 30. Qe5 g6 31. Bd3 b6 32. Qc7 Bf5 33. Bxf5 Qxf5
34. Qb8+ 1-0

[Event "Challenge"]
[Site "http://www.queenalice.com/game.php?id=1844120"]
[Date "2024.9.23"]
[Round "-"]
[White "steve_sharp"]
[Black "adsymil"]
[Result "0-1"]
[WhiteElo "1847"]
[BlackElo "2316"]

1. e4 c5 2. Bc4 Nc6 3. a3 Nf6 4. d3 e6 5. f4 d5 6. exd5 exd5 7. Ba2 Bd6 8. Nf3
O-O 9. O-O Bg4 10. Kh1 Bc7 11. Be3 b6 12. c3 Nh5 13. Qc1 Re8 14. Qe1 Bxf4 15.
Nbd2 Rxe3 16. Qh4 Qxh4 17. Nxh4 Rxd3 18. Ndf3 Re8 19. g3 Bxg3 20. hxg3 Nxg3+ 0-1

[Event "Challenge"]
[Site "http://www.queenalice.com/game.php?id=1847103"]
[Date "2024.11.13"]
[Round "-"]
[White "adsymil"]
[Black "steve_sharp"]
[Result "1-0"]
[WhiteElo "2318"]
[BlackElo "1846"]

1. d4 d5 2. Nf3 Nf6 3. e3 Bf5 4. c4 dxc4 5. Bxc4 e6 6. O-O Nbd7 7. a3 c6 8. Nc3
Nb6 9. Bb3 Qc7 10. Re1 O-O-O 11. e4 Bg6 12. Bg5 Be7 13. Rc1 Qd7 14. Bf4 Ne8 15.
Nb5 Nd6 16. Ne5 Qe8 17. Nxa7+ Kb8 18. Naxc6+ bxc6 19. Nxc6+ Kb7 20. d5 Rc8 21.
Be3 Bxe4 22. Qd4 1-0